Hot lemon & honey : (Record no. 7643)

MARC details
000 -LEADER
fixed length control field 00544 a2200169 4500
010 ## - LCCN (DPL NO)
LC control number ENG-88102
020 ## - INTERNATIONAL STANDARD BOOK NUMBER
International Standard Book Number 8186852549
Terms of availability 150.00
035 ## - SYSTEM CONTROL NUMBER
System control number EN-71635
037 ## - SOURCE OF ACQUISITION
Source of stock number/acquisition DBAD / PUB
082 14 - DEWEY DECIMAL CLASSIFICATION NUMBER
Classification number 158.1
100 1# - MAIN ENTRY--PERSONAL NAME
Personal name Devrye, Catherine
245 1# - TITLE STATEMENT
Title Hot lemon & honey :
Remainder of title reflections for success in times of change /
Statement of responsibility, etc by Catherine Devrye
260 ## - PUBLICATION, DISTRIBUTION, ETC. (IMPRINT)
Place of publication, distribution, etc Chennai
Name of publisher, distributor, etc East West Books (Madras)
Date of publication, distribution, etc 2000
270 ## - ADDRESS
Address 62-A, Ormes Raod, Kilpauk
City Chennai
Postal code 600 010
300 ## - PHYSICAL DESCRIPTION
Extent ix, 229 p.
Dimensions 18 cm (Pbk)
942 ## - ADDED ENTRY ELEMENTS (KOHA)
Institution code [OBSOLETE] dpl
Item type English Books
Source of classification or shelving scheme Dewey Decimal Classification
Classification part 158.1
Call number suffix DEV
Holdings
Withdrawn status Lost status Not for loan Collection code Home library Current library Source of acquisition Cost, normal purchase price Full call number Barcode Copy number Cost, replacement price Koha item type
    Not For Loan Non-fiction D.B.Act.Division D.B.Act.Division DBAD/PUB 150.00 158.1 DEV EN-71635 1 150.00 English Books

© Delhi Public Library
Hit Counter
free hit counter